[Event "AUTO-INT-3580"]
[Site "http://www.queenalice.com/game.php?id=1626823"]
[Date "2020.9.13"]
[Round "1"]
[White "tche_elvio"]
[Black "morowy"]
[Result "0-1"]
[WhiteElo "1479"]
[BlackElo "1395"]

1. d4 d5 2. c4 dxc4 3. Nc3 Nc6 4. e3 Bf5 5. Nf3 Nb4 6. Bxc4 Nc2+ 7. Kd2 Nxa1 8.
Bd3 Bxd3 9. Ne5 Bg6 10. Nxg6 hxg6 11. b3 e6 12. Bb2 Nxb3+ 13. Qxb3 b6 14. Qb5+
Qd7 15. Qxd7+ Kxd7 16. a4 Bb4 17. Kd3 c5 18. Nb5 a6 19. Nc3 cxd4 20. exd4 Rd8
21. f3 Nf6 22. Ne4 Ke7 23. Nxf6 Kxf6 24. g4 e5 25. h4 Bc5 26. Bc3 Bxd4 27. Bxd4
Rxd4+ 28. Ke3 Rc8 0-1

[Event "AUTO-INT-3580"]
[Site "http://www.queenalice.com/game.php?id=1626824"]
[Date "2020.9.13"]
[Round "1"]
[White "morowy"]
[Black "tche_elvio"]
[Result "0-1"]
[WhiteElo "1432"]
[BlackElo "1479"]

1. e4 e6 2. Nf3 d6 3. Bc4 Bd7 4. Nc3 a6 5. a4 Nc6 6. d4 h6 7. d5 exd5 8. Nxd5
Nge7 9. Nf4 Ne5 10. Nd5 Nxd5 11. Bxd5 Bc6 12. Nxe5 Bxd5 13. Qe2 dxe5 14. exd5
Bd6 15. Bf4 Qf6 16. Be3 O-O 17. Qc4 b5 18. O-O bxc4 19. c3 Qg6 20. Rae1 Rab8 21.
Bc1 e4 22. Rd1 Qh5 23. h3 Bc5 24. Rde1 Rfe8 25. Kh1 c6 26. Bf4 Rbc8 27. d6 Bxd6
28. Bxd6 Qd5 29. Bf4 Qa5 30. Ra1 g5 31. Be3 f5 32. f4 g4 33. hxg4 Rf8 34. gxf5
Qxf5 35. g3 Qh3+ 36. Kg1 Qxg3+ 0-1

[Event "AUTO-INT-3580"]
[Site "http://www.queenalice.com/game.php?id=1626839"]
[Date "2020.9.13"]
[Round "1"]
[White "flibbertygibbet"]
[Black "morowy"]
[Result "1-0"]
[WhiteElo "1802"]
[BlackElo "1418"]

1. e4 c5 2. Nf3 e6 3. d4 Nf6 4. Nc3 cxd4 5. Nxd4 e5 6. Ndb5 Bb4 7. Nd6+ Bxd6 8.
Qxd6 Qe7 9. Qxe7+ Kxe7 10. Be3 Nc6 11. O-O-O a6 12. Be2 b5 13. f4 h5 14. Nd5+
Nxd5 15. Rxd5 f6 16. fxe5 fxe5 17. Bc5+ Kd8 18. Rf1 Ke8 19. Bd6 Rh6 20. Bxe5 Re6
21. Bxg7 Rxe4 22. Bxh5+ Kd8 23. g4 Ne7 24. Be5 d6 25. Rxd6+ Bd7 26. Rf8+ Kc7 27.
Rxa8 Rxe5 28. Rdxa6 Ng6 29. Bxg6 Bxg4 30. Re8 Kb7 31. Rxe5 1-0

[Event "AUTO-INT-3580"]
[Site "http://www.queenalice.com/game.php?id=1626840"]
[Date "2020.9.13"]
[Round "1"]
[White "morowy"]
[Black "flibbertygibbet"]
[Result "0-1"]
[WhiteElo "1405"]
[BlackElo "1842"]

1. e4 e6 2. Nf3 c5 3. Bc4 d5 4. exd5 exd5 5. Bb5+ Bd7 6. Bxd7+ Nxd7 7. Qe2+ Qe7
8. Qxe7+ Bxe7 9. O-O O-O-O 10. Nc3 d4 11. Nd5 Bd6 12. d3 Ne7 13. Nxe7+ Bxe7 14.
Bf4 Nb6 15. Rae1 Bd6 16. Bxd6 Rxd6 17. Ne5 Rf8 18. Re4 f6 19. Nc4 Nxc4 20. dxc4
Rfd8 21. Re7 R6d7 22. Rfe1 Rxe7 23. Rxe7 Rd7 24. Re2 Kd8 25. g4 Re7 26. Rxe7
Kxe7 27. f4 Ke6 28. Kf2 a6 29. a3 b5 30. cxb5 axb5 31. Kf3 f5 32. g5 Kd6 33. b3
Kd5 34. h3 c4 35. a4 bxa4 36. bxa4 Kc5 37. a5 Kb5 38. Ke2 Kxa5 39. Kd1 Kb4 40.
Kd2 Ka3 41. Kc1 Ka2 42. h4 h6 43. Kd1 Kb2 0-1

[Event "AUTO-INT-3580"]
[Site "http://www.queenalice.com/game.php?id=1626851"]
[Date "2020.9.13"]
[Round "1"]
[White "morowy"]
[Black "jeffcom2f"]
[Result "1-0"]
[WhiteElo "1342"]
[BlackElo "1727"]

1. e4 d5 2. exd5 Qxd5 3. Nc3 Qd8 4. Nf3 Nf6 5. Bc4 c6 6. Qe2 b5 7. Bb3 e6 8. Ne5
Bc5 9. Ne4 Nxe4 10. Qxe4 Qf6 11. Nxc6 Qxf2+ 12. Kd1 Bb7 13. Bd5 Kd7 14. Ne5+ Kd6
15. Bxb7 Nc6 16. Bxa8 Nxe5 17. Re1 Qf5 18. Qb7 Qg4+ 19. Re2 Rxa8 20. Qxa8 Ng6
21. d3 Qd4 22. Qd8+ Kc6 23. Qxd4 Bxd4 24. c3 Bf6 25. Be3 Ne5 26. Bxa7 Ng4 27.
Kd2 Nxh2 28. Rh1 Ng4 29. Rxh7 Kb7 30. Bc5 1-0

[Event "AUTO-INT-3580"]
[Site "http://www.queenalice.com/game.php?id=1626852"]
[Date "2020.9.13"]
[Round "1"]
[White "jeffcom2f"]
[Black "morowy"]
[Result "0-1"]
[WhiteElo "1684"]
[BlackElo "1403"]

1. e4 c5 2. Nc3 e6 3. Nf3 Nc6 4. d4 cxd4 5. Nxd4 Nxd4 6. Qxd4 Nf6 7. Bd3 d5 8.
e5 Nd7 9. O-O g5 10. Qe3 g4 11. Qg5 Qxg5 12. Bxg5 Nxe5 13. Bb5+ Bd7 14. Bxd7+
Nxd7 15. Nb5 Rc8 16. Nxa7 Rxc2 17. Rfc1 Rxc1+ 18. Rxc1 f6 19. Rc8+ Ke7 20. Bh6
Nb6 21. Rb8 Nd7 22. Rc8 f5 23. Bg5+ Kd6 24. Nb5+ Ke5 25. g3 Rg8 26. Bf4+ Kf6 27.
Nd6 e5 28. Ne8+ Ke6 29. Nc7+ Kd6 30. Nb5+ Ke6 31. Re8+ Kf7 32. Rd8 Ke6 33. Nc7+
Ke7 34. Re8+ Kd6 35. Nb5+ Kc6 36. Na7+ Kb6 37. Nc8+ Kc5 38. Be3+ d4 39. b4+ Kxb4
40. Bd2+ Ka3 41. Na7 Rg6 42. Nb5+ Kxa2 43. Ra8+ Kb2 44. Nc7 f4 45. gxf4 exf4 46.
Bxf4 Bd6 47. Bxd6 Rxd6 48. Ne8 Rd5 49. Nc7 Rd6 50. Ra7 b6 51. Nb5 Rd5 52. Nc7
Rd6 53. Ne8 Rd5 54. Nc7 Re5 55. Rb7 d3 56. Na6 Rd5 57. Nc7 Re5 58. Na8 Re7 59.
Nxb6 d2 60. Nd5+ Kc2 61. Nxe7 d1=Q+ 0-1

[Event "AUTO-INT-3581"]
[Site "http://www.queenalice.com/game.php?id=1627190"]
[Date "2020.9.16"]
[Round "1"]
[White "ThiagoSousa"]
[Black "morowy"]
[Result "1-0"]
[WhiteElo "1533"]
[BlackElo "1416"]

1. e4 c5 2. Nf3 Nf6 3. Nc3 a6 4. d3 Nc6 5. Bg5 Ng4 6. h3 Nge5 7. Be2 h6 8. Bf4
Nxf3+ 9. Bxf3 Nd4 10. Be3 Nxf3+ 11. Qxf3 e6 12. O-O e5 13. a3 Be7 14. Na4 b6 15.
c3 Bb7 16. b4 cxb4 17. axb4 Qc7 18. Bxb6 Qc8 19. Qf5 d6 20. Qxc8+ Rxc8 21. c4
Bc6 22. Nc3 Rb8 23. c5 dxc5 24. bxc5 O-O 25. Rxa6 Bg5 26. Bc7 Bb7 27. Rb6 Bd8
28. Bxd8 Rfxd8 29. c6 Rd6 30. Rxb7 Rc8 31. Nb5 Rdd8 32. c7 Rd7 33. Rc1 Kh7 34.
Rb8 Rcxc7 35. Nxc7 Rxd3 36. Nd5 f6 37. Rc3 1-0

[Event "AUTO-INT-3581"]
[Site "http://www.queenalice.com/game.php?id=1627191"]
[Date "2020.9.16"]
[Round "1"]
[White "morowy"]
[Black "ThiagoSousa"]
[Result "1-0"]
[WhiteElo "1372"]
[BlackElo "1553"]

1. e4 c5 2. Nf3 Nc6 3. Bc4 e6 4. Bb5 Nge7 5. Qe2 a6 6. Bxc6 bxc6 7. Qc4 Qb6 8.
d4 cxd4 9. Nxd4 g6 10. b3 Bg7 11. Be3 Bb7 12. Nxe6 Qb5 13. Nxg7+ Kf8 14. Qd4 d5
15. Ne6+ Kg8 16. Qg7# 1-0

[Event "AUTO-INT-3581"]
[Site "http://www.queenalice.com/game.php?id=1627204"]
[Date "2020.9.16"]
[Round "1"]
[White "Elcid"]
[Black "morowy"]
[Result "1-0"]
[WhiteElo "1458"]
[BlackElo "1421"]

1. c4 c5 2. g3 Nc6 3. Bg2 Ne5 4. Nc3 Nxc4 5. Nf3 f6 6. d3 Nb6 7. O-O e6 8. a3
Bd6 9. Be3 Nd5 10. Bd2 Nxc3 11. bxc3 h5 12. Rb1 b6 13. Nh4 1-0

[Event "AUTO-INT-3581"]
[Site "http://www.queenalice.com/game.php?id=1627205"]
[Date "2020.9.16"]
[Round "1"]
[White "morowy"]
[Black "Elcid"]
[Result "0-1"]
[WhiteElo "1406"]
[BlackElo "1473"]

1. e4 c5 2. Nf3 g6 3. Bc4 Bg7 4. d4 cxd4 5. Nxd4 Nc6 6. Nxc6 bxc6 7. c3 e6 8.
Bf4 Ne7 9. O-O O-O 10. Qf3 Bb7 11. Qe3 d5 12. Be2 Qb6 13. Qxb6 axb6 0-1

[Event "AUTO-INT-3581"]
[Site "http://www.queenalice.com/game.php?id=1627212"]
[Date "2020.9.16"]
[Round "1"]
[White "milan15fc"]
[Black "morowy"]
[Result "0-1"]
[WhiteElo "1502"]
[BlackElo "1434"]

1. Na3 d5 2. f3 e5 3. e4 d4 4. d3 Nf6 5. Nc4 Be6 6. Nxe5 Nfd7 7. f4 Nxe5 8. fxe5
Nc6 9. Bf4 Bb4+ 10. Bd2 Bxd2+ 11. Qxd2 Nxe5 12. Qf4 f6 13. Be2 h5 14. Qg3 g5 15.
h4 g4 16. Bd1 Qd6 17. Ne2 O-O-O 18. c3 dxc3 19. bxc3 Nxd3+ 20. Kf1 Ne5 21. Nd4
Bc4+ 22. Kg1 Qb6 23. Kh2 c5 24. Nf5 Bd3 25. Qe1 Qb2 26. Bb3 Nf3+ 27. Kg3 Nxe1
28. Rhxe1 Qxc3 29. Be6+ Kb8 30. Rac1 Qa3 31. Ra1 Qb2 32. Rac1 Qe5+ 33. Kf2 Qxe6
34. Ng7 Qe5 35. g3 Bxe4 36. Kg1 Qd4+ 37. Kf1 Qd3+ 38. Kf2 Bf3 39. Ne6 Qd2+ 40.
Kg1 Qg2# 0-1

[Event "AUTO-INT-3581"]
[Site "http://www.queenalice.com/game.php?id=1627213"]
[Date "2020.9.16"]
[Round "1"]
[White "morowy"]
[Black "milan15fc"]
[Result "1-0"]
[WhiteElo "1414"]
[BlackElo "1522"]

1. e4 c6 2. Nf3 d5 3. Nc3 Nf6 4. e5 Ne4 5. Nxe4 dxe4 6. Ng1 Be6 7. d4 f6 8. Bf4
g5 9. Be3 fxe5 10. dxe5 Qa5+ 11. Qd2 Qxe5 12. O-O-O Bxa2 13. Bd4 Qe6 14. Bxh8
Na6 15. Bxa6 bxa6 16. Qe3 Qg8 17. Bc3 Rb8 18. b3 Bxb3 19. cxb3 Qxb3 20. Kd2 Rd8+
21. Bd4 e6 22. Qxb3 c5 23. Ke3 cxd4+ 24. Kxe4 Rd5 25. g4 Bd6 26. Rxd4 Re5+ 27.
Kd3 Bc5 28. Qa4+ Kf7 29. Qd7+ Kf6 30. Re4 Rd5+ 31. Qxd5 exd5 32. Re2 a5 33. Rc2
Bb6 34. Rc6+ Ke5 35. h3 a4 36. Nf3+ Kf4 37. Rf6# 1-0

[Event "AUTO-OPEN-4213"]
[Site "http://www.queenalice.com/game.php?id=1627372"]
[Date "2020.9.18"]
[Round "1"]
[White "Magogue"]
[Black "morowy"]
[Result "1-0"]
[WhiteElo "1601"]
[BlackElo "1442"]

1. e4 c5 2. Nf3 Nf6 3. Nc3 e6 4. d4 b6 5. Bc4 cxd4 6. Nxd4 Bb7 7. Bg5 Be7 8. O-O
h6 9. Bxf6 Bxf6 10. Re1 e5 11. Nf5 g6 12. Nd6+ Kf8 13. Nxb7 Nc6 14. Nxd8 Rxd8
15. Nd5 Bg7 16. a4 a5 17. Nxb6 Ke7 18. Qxd7+ Rxd7 19. Nxd7 Kxd7 20. Bxf7 Ke7 21.
Bxg6 Nb4 22. Rac1 Rb8 23. b3 Na2 24. Rcd1 Kf6 25. Rd6+ Ke7 26. Ra6 Nc3 27. Rxa5
1-0

[Event "AUTO-OPEN-4213"]
[Site "http://www.queenalice.com/game.php?id=1627373"]
[Date "2020.9.18"]
[Round "1"]
[White "morowy"]
[Black "Magogue"]
[Result "0-1"]
[WhiteElo "1453"]
[BlackElo "1590"]

1. e4 e5 2. Nf3 Nc6 3. Nc3 Nf6 4. d4 exd4 5. Nxd4 Bb4 6. a3 Bxc3+ 7. bxc3 Nxe4
8. Qd3 Qe7 9. Be2 d5 10. h3 Ne5 11. Qe3 c5 12. Nf5 Bxf5 13. f3 Ng3 14. f4 Nd3+
15. cxd3 Qxe3 16. Bxe3 Nxh1 17. g4 d4 18. cxd4 Bd7 19. dxc5 Ng3 20. Bf3 h5 21.
Rb1 Bc6 22. Bxc6+ bxc6 23. g5 Nf5 24. Bf2 O-O-O 25. a4 g6 26. a5 Rxd3 0-1

[Event "AUTO-OPEN-4213"]
[Site "http://www.queenalice.com/game.php?id=1627394"]
[Date "2020.9.18"]
[Round "1"]
[White "OtavioAugustoOliveira"]
[Black "morowy"]
[Result "1-0"]
[WhiteElo "1632"]
[BlackElo "1430"]

1. d4 d5 2. Bf4 Nc6 3. Nf3 e6 4. e3 f6 5. Nc3 h5 6. Bb5 Bd7 7. Qd2 e5 8. dxe5 g5
9. Bg3 Nxe5 10. Nxe5 fxe5 11. Bxe5 Rh6 12. Qxd5 Ne7 13. Qxb7 c6 14. Bc4 Qc8 15.
Qxc8+ Bxc8 16. O-O-O Nf5 17. Bc7 Bb7 18. Ne4 Be7 19. Rd3 Nh4 20. Rg1 g4 21. Nd6+
Kd7 22. Nf5+ Kxc7 23. Nxh6 Bc8 24. Nf7 Bd7 25. e4 Ng6 26. g3 Rb8 27. f4 gxf3 28.
Rxf3 Bc5 29. Rd1 Bg4 30. Rf6 Be3+ 31. Kb1 Bxd1 32. Rxg6 Re8 33. e5 Bf3 34. Rd6
Bg4 35. e6 Bc5 36. Rd7+ Kb6 37. Ng5 Bxe6 38. Nxe6 Bg1 39. h3 Rg8 40. Rg7 Rh8 41.
b3 Rh6 42. g4 1-0

[Event "AUTO-OPEN-4213"]
[Site "http://www.queenalice.com/game.php?id=1627395"]
[Date "2020.9.18"]
[Round "1"]
[White "morowy"]
[Black "OtavioAugustoOliveira"]
[Result "0-1"]
[WhiteElo "1430"]
[BlackElo "1530"]

1. e4 e5 2. Nf3 Nc6 3. d4 exd4 4. Nxd4 Nxd4 5. Qxd4 Nf6 6. e5 Qe7 7. Be3 Nh5 8.
f4 Qb4+ 9. Qxb4 Bxb4+ 10. c3 Ba5 11. Be2 g6 12. f5 Ng7 13. f6 Nf5 14. Bf4 d6 15.
Bd3 dxe5 16. Bxe5 Be6 17. Bxf5 Bxf5 18. Na3 O-O-O 19. O-O Bd3 20. Rf3 Rhe8 21.
Bd4 a6 22. Rxd3 c5 23. Nc4 Bc7 24. b4 cxd4 25. cxd4 b5 26. Na3 Re4 27. Nc2 Rf4
28. g3 Rxf6 29. Ne3 Bb6 30. Nc2 Re8 31. Rc1 Kb7 32. Ne3 Rxe3 33. Rdd1 Re2 34.
Rc3 Rff2 35. Rcd3 Rg2+ 36. Kf1 Rxa2 37. h4 Rh2 38. Kg1 a5 39. bxa5 Bxa5 40. Rf1
Rag2# 0-1

[Event "Challenge"]
[Site "http://www.queenalice.com/game.php?id=1629684"]
[Date "2020.10.13"]
[Round "-"]
[White "Mr_SPOCK"]
[Black "morowy"]
[Result "1-0"]
[WhiteElo "1604"]
[BlackElo "1430"]

1. e4 c5 2. e5 Nc6 3. Nf3 d6 4. Bb5 Bd7 5. exd6 exd6 6. O-O Nce7 7. Bxd7+ Qxd7
8. d4 cxd4 9. Nxd4 g6 10. b4 Bg7 11. Bg5 h6 12. Bh4 1-0